000
00216nam a22000977a 4500
041
_a
ENG
245
_a
Drinage Principles & Applications
260
_a
Delhi
_b
TLRI
_c
1996
650
_a
IDE ( 18 )
856
_u
IDE ( 18 )
999
_c
1512
_d
1512